000 00296nam a2200109Ia 4500
005 20251222143238.0
008 251222s9999||||xx |||||||||||||| ||spa||
082 _a239.98/S15
245 0 _aInstrucción sobre algunos aspectos de la teología de la liberación
264 _bSalesiana
942 _cLIB
999 _c14459
_d14459